000 00649nam a2200265Ia 4500
005 20260121172658.0
008 008 260114s9999 xx 000 0 eng d
020 _a9789811637612
037 _aEBOOK
040 _aCRL
040 _beng
040 _cCRL
041 _2eng
041 _aeng
084 _qCRL
100 _aPeter Stuart Westwood
_91091384
245 0 _aTeaching for Numeracy Across the Age Range
260 _bSpringer
260 _bSpringer
260 _c2021
856 _uhttps://link.springer.com/openurl?genre=book&isbn=978-981-16-3761-2
942 _cEBOOK
999 _c1657124
_d1657124